| 000 | 00909cab a2200229 4500 | ||
|---|---|---|---|
| 001 | WB2738-56 | ||
| 008 | 090401t1991 xxu||||| |||| 00| 0 eng d | ||
| 035 | _a(Sirsi) u1883 | ||
| 041 | _aeng | ||
| 245 | _aSolicitor is obliged to return stake | ||
| 260 | _c1991 | ||
| 350 | _a0 | ||
| 490 |
_aIndependent _v27 September 1991, 24(1) |
||
| 520 | _aIn "Rockeagle Ltd v Alsop Wilkinson", CA 3 July 1991, it was held that a solicitor, holding a deposit for the sale of land as stakeholder, does not acquire any contingent security for money owed by his client, whether vendor or purchaser. The solicitor is obliged to pay the deposit to a new stakeholder if the vendor and purchaser instruct him to do so. | ||
| 650 | _aDEPOSITS | ||
| 650 | _aSALE OF LAND | ||
| 650 | _aSOLICITORS | ||
| 650 | _aVENDOR AND PURCHASER | ||
| 690 | _aPROPERTY LAW AND PRACTICE-CASE LAW | ||
| 942 | _n0 | ||
| 948 | _c04/03/1997 | ||
| 999 |
_c1098 _d1098 |
||